[Event "Lindores Abbey Tal Mem"]
[Site "Riga LAT"]
[Date "2021.11.08"]
[Round "14.25"]
[White "Bluebaum, Matthias"]
[Black "Vokhidov, Shamsiddin"]
[Result "1-0"]
[WhiteTitle "GM"]
[BlackTitle "GM"]
[WhiteElo "2647"]
[BlackElo "2521"]
[WhiteFideId "24651516"]
[BlackFideId "14204223"]
[EventDate "2021.11.08"]

1. d4 Nf6 2. c4 e6 3. Nc3 Bb4 4. e3 O-O 5. Bd3 d5 6. cxd5 exd5 7. Ne2 Re8 8. Bd2
Bd6 9. Qc2 a6 10. f3 c5 11. dxc5 Bxc5 12. e4 d4 13. Nd5 Bd6 14. Nxf6+ Qxf6 15.
O-O Nc6 16. f4 Nb4 17. Bxb4 Bxb4 18. e5 Qh6 19. Kh1 Bd7 20. Nxd4 Rac8 21. Qe2
Bc5 22. Nf5 Bxf5 23. Bxf5 Rcd8 24. g3 Rd4 25. Be4 Red8 26. Rad1 Qb6 27. Rxd4
Rxd4 28. a3 Qd8 29. b4 Be7 30. Bxb7 a5 31. Rc1 Rd2 32. Qf3 Rd3 33. Qe2 Rd2 34.
Qc4 axb4 35. axb4 Qb6 36. Bg2 Qf2 37. Qc8+ Bf8 38. Qa8 Qd4 39. Qf3 Qxb4 40. Rf1
Qd4 41. Re1 Rd3 42. Qe4 g6 43. Qxd4 Rxd4 44. Bf3 Rd3 45. Kg2 Rd2+ 46. Be2 Bb4
47. Kf1 Rb2 48. Rd1 Bd2 49. Kf2 g5 50. f5 Kf8 51. Kf3 Bc3 52. f6 Ke8 53. Rd5 g4+
54. Ke3 Rb8 55. Bb5+ Kf8 56. Kf4 h5 57. Kg5 Kg8 58. Kxh5 Kh7 59. Bd3+ Kg8 60.
Kxg4 1-0

[Event "Lindores Abbey Tal Mem"]
[Site "Riga LAT"]
[Date "2021.11.08"]
[Round "14.57"]
[White "Eizaguerri Floris, Maria"]
[Black "Maltsevskaya, Aleksandra"]
[Result "0-1"]
[WhiteTitle "FM"]
[BlackTitle "WGM"]
[WhiteElo "2328"]
[BlackElo "2411"]
[WhiteFideId "32065752"]
[BlackFideId "24174041"]
[EventDate "2021.11.08"]

1. e4 c5 2. Nf3 e6 3. c3 d5 4. exd5 exd5 5. d4 Bd6 6. Bb5+ Nc6 7. O-O Ne7 8.
dxc5 Bxc5 9. Nbd2 a6 10. Bd3 Bb6 11. Nb3 Qd6 12. Bc2 O-O 13. Re1 Ng6 14. Nbd4
Bc7 15. g3 Bg4 16. Bf5 Bxf5 17. Nxf5 Qd7 18. N3d4 Nxd4 19. Nxd4 Rfe8 20. Be3 Re4
21. Qf3 Rae8 22. Bd2 Ne5 23. Qg2 Nc4 24. f3 Rxe1+ 25. Bxe1 Bb6 26. b3 Ne5 27.
Bf2 Nd3 28. Rd1 Nxf2 29. Qxf2 Qc7 30. Qd2 Rc8 31. Rc1 h6 32. Kg2 Qe5 33. Re1 Qf6
34. Ne2 Qf5 35. Rd1 Re8 36. Nf4 Be3 37. Qxd5 Qc2+ 38. Kh3 Bxf4 39. gxf4 Qxc3 40.
Qxb7 Qf6 41. Qd7 Rf8 42. Qd6 Qf5+ 43. Kg3 Rc8 44. Qxa6 Re8 45. Qd3 Qf6 46. Qd6
Qf5 47. a4 Re6 48. Qd8+ Kh7 49. Qd3 Rg6+ 50. Kf2 Qxf4 51. a5 Qxh2+ 52. Ke3 Qe5+
53. Kf2 Qxa5 54. Rd2 Qb6+ 55. Ke2 Qg1 56. Rd1 Qg2+ 57. Ke3 Qg5+ 58. Ke2 f5 59.
b4 Qg2+ 60. Ke3 Re6+ 61. Kd4 Rd6+ 62. Kc4 Rxd3 63. Rxd3 Qc2+ 64. Rc3 Qe2+ 65.
Rd3 Qe6+ 66. Rd5 Qc6+ 67. Kd4 Qb6+ 68. Kc4 Qe3 69. Rd3 Qe6+ 70. Rd5 g5 71. b5 g4
72. fxg4 fxg4 73. Kc5 g3 74. b6 g2 75. Rd1 Qe3+ 76. Kd5 Qf3+ 0-1

[Event "Lindores Abbey Tal Mem"]
[Site "Riga LAT"]
[Date "2021.11.08"]
[Round "15.3"]
[White "Martirosyan, Haik M."]
[Black "Svidler, Peter"]
[Result "1-0"]
[WhiteTitle "GM"]
[BlackTitle "GM"]
[WhiteElo "2624"]
[BlackElo "2694"]
[WhiteFideId "13306553"]
[BlackFideId "4102142"]
[EventDate "2021.11.08"]

1. d4 Nf6 2. Bg5 d5 3. Bxf6 gxf6 4. e3 c5 5. c4 cxd4 6. exd4 Nc6 7. Nc3 dxc4 8.
d5 Ne5 9. Bxc4 Nxc4 10. Qa4+ Bd7 11. Qxc4 Rc8 12. Qd3 Rg8 13. g3 b5 14. a3 Qa5
15. Rd1 b4 16. axb4 Qxb4 17. Ne2 Qc4 18. Qe3 Rg5 19. Ne4 Re5 20. Rd4 Qa6 21. f4
Bh6 22. Qf3 Qa5+ 23. b4 Qa1+ 24. Rd1 Qxd1+ 25. Kxd1 Rxd5+ 26. Ke1 Bc6 27. Qe3
Kf8 28. Kf2 f5 29. Ng5 Bg7 30. Rc1 1-0

[Event "Lindores Abbey Tal Mem"]
[Site "Riga LAT"]
[Date "2021.11.08"]
[Round "15.7"]
[White "Jobava, Baadur"]
[Black "Nihal, Sarin"]
[Result "0-1"]
[WhiteTitle "GM"]
[BlackTitle "GM"]
[WhiteElo "2582"]
[BlackElo "2650"]
[WhiteFideId "13601520"]
[BlackFideId "25092340"]
[EventDate "2021.11.08"]

1. e4 g6 2. d4 Bg7 3. c4 d6 4. Nc3 Nc6 5. Nge2 e5 6. d5 Nce7 7. f3 f5 8. Be3 Bh6
9. Qd2 Bxe3 10. Qxe3 Nf6 11. h3 f4 12. Qf2 b6 13. O-O-O Nh5 14. Kb1 O-O 15. Nc1
a5 16. Bd3 Bd7 17. Bc2 g5 18. Ba4 Ng6 19. Bxd7 Qxd7 20. Nd3 Ng3 21. Rhe1 h5 22.
b3 Kg7 23. Kb2 g4 24. hxg4 hxg4 25. Nb5 Rf7 26. a3 Rh8 27. b4 Kf6 28. bxa5 bxa5
29. Kb3 Rh2 30. fxg4 Qxg4 31. Rd2 Nh4 32. Qg1 Rh1 33. Qa7 Rxe1 34. Nxe1 Nxe4 35.
Rc2 Qg3+ 36. Nf3 Nxg2 37. Nd4 Nc5+ 38. Ka2 exd4 39. Nxd4 Qd3 40. Qb8 Ne3 41.
Qh8+ Rg7 42. Qh6+ Kf7 43. Qxf4+ 0-1

[Event "Lindores Abbey Tal Mem"]
[Site "Riga LAT"]
[Date "2021.11.08"]
[Round "15.21"]
[White "Pichot, Alan"]
[Black "Kovalev, Vladislav"]
[Result "1-0"]
[WhiteTitle "GM"]
[BlackTitle "GM"]
[WhiteElo "2630"]
[BlackElo "2634"]
[WhiteFideId "110973"]
[BlackFideId "13504398"]
[EventDate "2021.11.08"]

1. e4 e5 2. Nf3 Nc6 3. Bb5 a6 4. Ba4 Nf6 5. O-O Be7 6. Re1 b5 7. Bb3 d6 8. c3
O-O 9. d3 Na5 10. Bc2 c5 11. Nbd2 Re8 12. Nf1 Bf8 13. Ng3 g6 14. a4 Bd7 15. d4
Qc7 16. d5 c4 17. h3 Nb7 18. Bg5 Bg7 19. Qd2 Nc5 20. axb5 axb5 21. Bh6 Bh8 22.
Be3 Ra7 23. Reb1 Rea8 24. Qd1 Bg7 25. Nd2 h5 26. Rxa7 Rxa7 27. b4 cxb3 28. Nxb3
Na4 29. Ne2 Ra8 30. Bd2 Nb6 31. Bd3 Nc4 32. Bg5 Nh7 33. Bc1 Ra2 34. Nd2 h4 35.
Qb3 Rxd2 36. Bxc4 Qxc4 37. Bxd2 Qxe2 38. Be3 Nf6 39. Qb4 Bf8 40. Ra1 Kg7 41. Ra8
Qc4 42. Qa5 Be7 43. Qb4 Qxe4 44. Qxe4 Nxe4 45. Ra7 Nf6 46. Bg5 Nxd5 47. Bxe7
Nxe7 48. Rxd7 Nd5 49. Rxd6 Nxc3 50. Rc6 Ne2+ 51. Kf1 Nd4 52. Rb6 g5 53. f3 f6
54. Kf2 Kg6 55. Ke3 Kf5 56. Kf2 Kg6 57. Ke3 b4 58. Kd3 b3 59. Ke4 Kf7 60. Kd5
Ne2 61. Rxb3 Nf4+ 62. Ke4 Kg6 63. Rb2 Nh5 64. Kd5 Nf4+ 65. Kd6 Kf5 66. Ke7 Nh5
67. Kf7 e4 68. fxe4+ Kxe4 69. Kg6 Ng3 70. Kxf6 g4 71. Rb4+ 1-0

[Event "Lindores Abbey Tal Mem"]
[Site "Riga LAT"]
[Date "2021.11.08"]
[Round "15.38"]
[White "Rakhmanov, Aleksandr"]
[Black "Javakhishvili, Lela"]
[Result "0-1"]
[WhiteTitle "GM"]
[BlackTitle "IM"]
[WhiteElo "2650"]
[BlackElo "2446"]
[WhiteFideId "4173708"]
[BlackFideId "13601458"]
[EventDate "2021.11.08"]

1. c4 e6 2. e4 c5 3. Nf3 a6 4. Nc3 Qc7 5. Be2 b6 6. O-O Bb7 7. d3 d6 8. a3 Nf6
9. b4 Be7 10. Bb2 O-O 11. Re1 Nc6 12. b5 Nd4 13. a4 a5 14. Bf1 e5 15. Nd2 g6 16.
g3 Bc8 17. Bg2 Qd8 18. Rf1 Nh5 19. Nd5 Bg5 20. f4 exf4 21. gxf4 Bh6 22. Nb3 Be6
23. Nxd4 cxd4 24. Bc1 Bxd5 25. cxd5 Rc8 26. Bd2 Qh4 27. Be1 Qf6 28. f5 Qe5 29.
Qg4 Rc2 30. Kh1 Bf4 31. fxg6 hxg6 32. Qh3 Kg7 33. Rf2 Rxf2 34. Bxf2 Rh8 35. Kg1
Nf6 36. Qf3 Bxh2+ 37. Kf1 Rc8 38. Re1 Bf4 39. Bh3 Rc3 40. Rd1 Rc2 41. Qg2 Be3
42. Bg3 Rxg2 0-1

[Event "Lindores Abbey Tal Mem"]
[Site "Riga LAT"]
[Date "2021.11.08"]
[Round "16.4"]
[White "Navara, David"]
[Black "Xiong, Jeffery"]
[Result "1/2-1/2"]
[WhiteTitle "GM"]
[BlackTitle "GM"]
[WhiteElo "2699"]
[BlackElo "2687"]
[WhiteFideId "309095"]
[BlackFideId "2047640"]
[EventDate "2021.11.08"]

1. d4 d5 2. c4 dxc4 3. e4 b5 4. a4 c6 5. axb5 cxb5 6. Nc3 Qb6 7. b3 e6 8. bxc4
Bb4 9. Qb3 bxc4 10. Bxc4 Nc6 11. Ne2 Na5 12. Qa2 Nxc4 13. Qxc4 a5 14. Ba3 Ba6
15. Qb3 Bxc3+ 16. Qxc3 Nf6 17. f3 Nd7 18. Kf2 Rc8 19. Qd2 Bxe2 20. Kxe2 f5 21.
Rhb1 Qa6+ 22. Kf2 fxe4 23. Qg5 Kf7 24. Qe7+ Kg6 25. Qxd7 Rc2+ 26. Kg1 Rxg2+ 27.
Kxg2 Qe2+ 28. Kg1 Qe3+ 29. Kf1 Qxf3+ 30. Ke1 Qe3+ 31. Kd1 Qd3+ 32. Ke1 1/2-1/2

[Event "Lindores Abbey Tal Mem"]
[Site "Riga LAT"]
[Date "2021.11.08"]
[Round "16.16"]
[White "Niemann, Hans Moke"]
[Black "Grandelius, Nils"]
[Result "0-1"]
[WhiteTitle "GM"]
[BlackTitle "GM"]
[WhiteElo "2635"]
[BlackElo "2669"]
[WhiteFideId "2093596"]
[BlackFideId "1710400"]
[EventDate "2021.11.08"]

1. d4 d5 2. Nc3 Nf6 3. Bf4 Bf5 4. f3 e6 5. g4 Bg6 6. h4 h5 7. g5 Nfd7 8. e3 Bb4
9. Bd3 O-O 10. Ne2 c5 11. Bxg6 fxg6 12. Qd3 Kh7 13. Bd6 c4 14. Qd2 Bxd6 15. f4
Bb4 16. Ng3 Nc6 17. a3 Ba5 18. Qe2 Qe8 19. O-O-O Ne7 20. e4 Bxc3 21. bxc3 Rxf4
22. Rde1 Qf7 23. Rhg1 Rf2 24. Ref1 Rf8 25. Qe1 0-1

[Event "Lindores Abbey Tal Mem"]
[Site "Riga LAT"]
[Date "2021.11.08"]
[Round "16.32"]
[White "Kuybokarov, Temur"]
[Black "Henriquez Villagra, Cristobal"]
[Result "1-0"]
[WhiteTitle "GM"]
[BlackTitle "GM"]
[WhiteElo "2549"]
[BlackElo "2608"]
[WhiteFideId "14203049"]
[BlackFideId "3409350"]
[EventDate "2021.11.08"]

1. e4 e5 2. Nf3 Nc6 3. Bb5 a6 4. Ba4 Nge7 5. c3 Ng6 6. d4 exd4 7. cxd4 d5 8.
exd5 Qxd5 9. Nc3 Qh5 10. O-O Bd6 11. Re1+ Ne7 12. d5 b5 13. Ne4 bxa4 14. Nxd6+
cxd6 15. dxc6 Be6 16. Bg5 Nf5 17. h3 O-O 18. g4 Qxh3 19. gxf5 Qg4+ 20. Kh1 Bxf5
21. Rg1 Qh3+ 22. Nh2 Be4+ 23. f3 Bxc6 24. Bf6 g6 25. Qf1 Qf5 26. Bc3 Rfe8 27.
Qf2 Re6 28. Rg3 h5 29. Qd4 Qe5 30. Qh4 Qf5 31. Rf1 Kf8 32. Rg5 Qd3 33. Qf4 Rae8
34. Rg2 Re2 35. Qh6+ Ke7 36. Rxe2+ 1-0

[Event "Lindores Abbey Tal Mem"]
[Site "Riga LAT"]
[Date "2021.11.08"]
[Round "16.38"]
[White "Javakhishvili, Lela"]
[Black "Rakhmanov, Aleksandr"]
[Result "0-1"]
[WhiteTitle "IM"]
[BlackTitle "GM"]
[WhiteElo "2446"]
[BlackElo "2650"]
[WhiteFideId "13601458"]
[BlackFideId "4173708"]
[EventDate "2021.11.08"]

1. d4 Nf6 2. c4 d6 3. Nf3 g6 4. g3 Bg7 5. Bg2 O-O 6. O-O c6 7. Nc3 Bf5 8. Nh4
Be6 9. b3 d5 10. cxd5 Nxd5 11. Bb2 Nxc3 12. Bxc3 Nd7 13. Qd2 a5 14. e4 Nf6 15.
Rfd1 a4 16. Rab1 axb3 17. axb3 Qb6 18. h3 Rfd8 19. Qc2 Ne8 20. Nf3 Nd6 21. d5
cxd5 22. Bxg7 Kxg7 23. exd5 Bf5 24. Qb2+ Kg8 25. Ra1 Rxa1 26. Rxa1 Be4 27. Re1
Rc8 28. Qd4 Qxd4 29. Nxd4 Bxg2 30. Kxg2 Kf8 31. Re3 Rc1 32. h4 Rd1 33. Nf3 Rxd5
34. Ng5 h6 35. Nf3 g5 36. hxg5 hxg5 37. Rc3 Ke8 38. g4 Kd7 39. Re3 f6 40. Kg3
Rd1 41. Kg2 b5 42. Ng1 Rd4 43. Kg3 b4 44. Ne2 Re4 45. Kf3 Rxe3+ 46. Kxe3 Kc6 47.
Kd4 e5+ 48. Kd3 Kd5 49. f3 Nb7 50. Ng3 Nc5+ 51. Kc2 e4 52. fxe4+ Nxe4 53. Nh5
Kd4 54. Kb2 Ke5 55. Kc2 Nf2 56. Kd2 Nxg4 57. Kd3 Kd5 58. Ng3 Ne5+ 59. Ke3 Nd7
60. Nf5 Nc5 61. Nd4 Kd6 62. Nf5+ Ke5 63. Nd4 f5 64. Nc6+ Kf6 65. Nxb4 Nxb3 66.
Nd5+ Ke5 67. Nc3 Nd4 68. Nd1 f4+ 69. Kf2 g4 70. Nc3 Ne6 71. Ne2 Ng5 72. Ng1 Ne4+
73. Ke2 Kf5 74. Kd3 f3 75. Ke3 f2 0-1

[Event "Lindores Abbey Tal Mem"]
[Site "Riga LAT"]
[Date "2021.11.08"]
[Round "17.17"]
[White "Niemann, Hans Moke"]
[Black "Kravtsiv, Martyn"]
[Result "1-0"]
[WhiteTitle "GM"]
[BlackTitle "GM"]
[WhiteElo "2635"]
[BlackElo "2616"]
[WhiteFideId "2093596"]
[BlackFideId "14113147"]
[EventDate "2021.11.08"]

1. d4 Nf6 2. Nc3 d5 3. Bf4 e6 4. e3 Bb4 5. Ne2 O-O 6. a3 Be7 7. Ng1 Bd6 8. Nf3
Bxf4 9. exf4 b6 10. Bd3 c5 11. O-O Nc6 12. Re1 Bb7 13. Bb5 Ne7 14. Ne5 Nf5 15.
Ne2 Nd6 16. Bc6 Bxc6 17. Nxc6 Qc7 18. Ne5 Nf5 19. c3 Ne4 20. f3 Ned6 21. Rc1 f6
22. Ng4 Nc4 23. Qc2 Rac8 24. a4 Qd7 25. b3 Ncd6 26. Qd1 a5 27. Ng3 c4 28. Ne3
Nxe3 29. Rxe3 cxb3 30. Qxb3 Nc4 31. Re2 Rc6 32. Rce1 g6 33. Qb5 Qc8 34. h4 Kg7
35. h5 f5 36. hxg6 hxg6 37. Nh1 Nd6 38. Qb1 Ne8 39. Nf2 Nc7 40. Qb3 Qd8 41. g3
Rh8 42. Kg2 Rc4 43. Nd3 Qg8 44. Rh1 Rxh1 45. Kxh1 Qe8 46. Ra2 Qc6 47. Ra3 b5 48.
Ne5 bxa4 49. Qxc4 1-0

[Event "Lindores Abbey Tal Mem"]
[Site "Riga LAT"]
[Date "2021.11.08"]
[Round "17.32"]
[White "Ponkratov, Pavel"]
[Black "Ganguly, Surya Shekhar"]
[Result "1-0"]
[WhiteTitle "GM"]
[BlackTitle "GM"]
[WhiteElo "2662"]
[BlackElo "2633"]
[WhiteFideId "4157800"]
[BlackFideId "5002150"]
[EventDate "2021.11.08"]

1. g3 Nf6 2. Bg2 d5 3. Nf3 e6 4. c4 Be7 5. cxd5 exd5 6. O-O O-O 7. Qc2 Re8 8. b3
Bg4 9. Bb2 Nc6 10. Ng5 d4 11. f3 Bh5 12. e4 Bg6 13. Nh3 Nd5 14. a3 d3 15. Qxd3
Bf6 16. Bxf6 Qxf6 17. Nc3 Nxc3 18. dxc3 Rad8 19. Qe3 Qd6 20. Nf2 f5 21. Rfd1 Qe7
22. b4 a5 23. Rxd8 Rxd8 24. Re1 fxe4 25. f4 Qf7 26. Bxe4 Qb3 27. Bxg6 hxg6 28.
Ne4 Ne7 29. Ng5 Rd7 30. Qc5 b6 31. Qc6 Rd8 32. Qxc7 Re8 33. Qd7 1-0

[Event "Lindores Abbey Tal Mem"]
[Site "Riga LAT"]
[Date "2021.11.08"]
[Round "17.37"]
[White "Sethuraman, S.P."]
[Black "Demchenko, Anton"]
[Result "0-1"]
[WhiteTitle "GM"]
[BlackTitle "GM"]
[WhiteElo "2620"]
[BlackElo "2655"]
[WhiteFideId "5021596"]
[BlackFideId "4160258"]
[EventDate "2021.11.08"]

1. e4 e5 2. Nf3 Nc6 3. Bb5 a6 4. Ba4 d6 5. O-O Nf6 6. Re1 Bg4 7. c3 Nd7 8. d3
Be7 9. h3 Bxf3 10. Qxf3 O-O 11. Nd2 Bg5 0-1

[Event "Lindores Abbey Tal Mem"]
[Site "Riga LAT"]
[Date "2021.11.08"]
[Round "18.6"]
[White "Navara, David"]
[Black "Mamedov, Rauf"]
[Result "1-0"]
[WhiteTitle "GM"]
[BlackTitle "GM"]
[WhiteElo "2699"]
[BlackElo "2673"]
[WhiteFideId "309095"]
[BlackFideId "13401653"]
[EventDate "2021.11.08"]

1. e4 c5 2. Nf3 d6 3. Bb5+ Nc6 4. O-O Bd7 5. Re1 a6 6. Bf1 Nf6 7. c3 Bg4 8. h3
Bxf3 9. Qxf3 g6 10. d3 Bg7 11. Be3 O-O 12. Nd2 Nd7 13. Qd1 b5 14. Nf3 Nb6 15. d4
cxd4 16. cxd4 Nc4 17. Bxc4 bxc4 18. Qa4 Rc8 19. Rac1 d5 20. exd5 Qxd5 21. Rxc4
Nb8 22. Rec1 Rxc4 23. Qxc4 Qb7 24. b3 e6 25. Bf4 Nd7 26. Qc6 Qxc6 27. Rxc6 Ra8
28. Rc7 Nf6 29. Be5 Nd5 30. Rd7 f6 31. Bd6 a5 32. Nd2 a4 33. b4 Nc3 34. a3 Nb5
35. Nc4 Nxd4 36. Bc5 Nb5 37. Rb7 Nc3 38. Nb6 Rd8 39. Nd7 f5 40. Be7 Rc8 41. Bf6
Ne4 42. Bxg7 Rc1+ 43. Kh2 Kxg7 44. Nc5+ Kf6 45. Nxe4+ fxe4 46. Ra7 Rc2 47. Kg1
Rc1+ 48. Kh2 Rc2 49. Rxa4 Rxf2 50. b5 Ke5 51. b6 Rf8 52. b7 Rb8 53. Rb4 Kd5 54.
Kg3 Kc6 55. Kf4 1-0

[Event "Lindores Abbey Tal Mem"]
[Site "Riga LAT"]
[Date "2021.11.08"]
[Round "18.50"]
[White "Dzagnidze, Nana"]
[Black "Divya, Deshmukh"]
[Result "1-0"]
[WhiteTitle "GM"]
[BlackTitle "WIM"]
[WhiteElo "2524"]
[BlackElo "2310"]
[WhiteFideId "13601903"]
[BlackFideId "35006916"]
[EventDate "2021.11.08"]

1. d4 Nf6 2. c4 e6 3. Nc3 d5 4. Bg5 Bb4 5. e3 h6 6. Bxf6 Qxf6 7. Nf3 O-O 8. Rc1
Rd8 9. Qc2 Nc6 10. a3 Bf8 11. Be2 dxc4 12. Bxc4 e5 13. Nd5 Qd6 14. dxe5 Nxe5 15.
Nxe5 Qxe5 16. Nf4 Bf5 17. Qb3 Qf6 18. O-O Be4 19. Rfd1 Bd6 20. Bd5 1-0

[Event "Lindores Abbey Tal Mem"]
[Site "Riga LAT"]
[Date "2021.11.08"]
[Round "18.55"]
[White "Melia, Salome"]
[Black "Eizaguerri Floris, Maria"]
[Result "1-0"]
[WhiteTitle "IM"]
[BlackTitle "FM"]
[WhiteElo "2371"]
[BlackElo "2328"]
[WhiteFideId "13602446"]
[BlackFideId "32065752"]
[EventDate "2021.11.08"]

1. e4 c5 2. Nf3 e6 3. d4 cxd4 4. Nxd4 Nc6 5. Nc3 a6 6. Be3 Nf6 7. f4 Bb4 8. Bd3
d5 9. e5 Nd7 10. a3 Bc5 11. Nce2 Nxd4 12. Nxd4 Qb6 13. Be2 Qxb2 14. O-O Qb6 15.
a4 Qc7 16. c3 b6 17. Bd3 Bb7 18. Qg4 g6 19. Kh1 Be7 20. Rac1 Nc5 21. Bc2 Bc6 22.
Ra1 h5 23. Qe2 h4 24. h3 Bb7 25. Rfc1 Rc8 26. Nf3 a5 27. Bd3 Nb3 28. Bb5+ Kf8
29. Rab1 Nxc1 30. Rxc1 Bc5 31. Nd4 Kg7 32. Bf2 Be7 33. Qg4 Qd8 34. f5 exf5 35.
Nxf5+ Kg8 36. Nxe7+ Qxe7 37. Bd4 Qe6 38. Qf4 Bc6 39. Ba6 Rb8 40. Rf1 Rh5 41. Bd3
b5 42. Qe3 bxa4 43. Rf6 Qe8 44. e6 Rb7 45. Qf4 Rh7 46. Qe5 Bb5 47. exf7+ Rbxf7
48. Rxg6+ Kf8 49. Bc5+ Re7 50. Rf6+ Rf7 51. Bg6 Qd7 52. Rxf7+ Ke8 53. Rxe7+ Kd8
54. Rxd7+ Kxd7 55. Qd6+ Kc8 56. Bf5+ Kb7 57. Qb6+ Ka8 1-0